000 00415nam a2200157Ia 4500
008 220803s9999 xx 000 0 und d
020 _a1-84442-630-0
041 _aeng
082 _a722 HIN
100 _aHind R
_920338
245 _aSacred Places : Sites Of Spirituality And Faith
260 _aLondon
_bCarlton Books
_c2007
300 _a256p
500 _aArchitecture
650 _aArchitectural History
_920339
999 _c13667
_d13667